| 000 | 00369cam a2200145ua 4500 | ||
|---|---|---|---|
| 003 | OSt | ||
| 008 | 250306b |||||||| |||| 00| 0 eng d | ||
| 041 | _aeng | ||
| 082 |
_a621.6 _bHIC/PU |
||
| 100 |
_aHicks, Tyler G . _97285 |
||
| 245 | _aPump operation and maintenance / | ||
| 260 |
_aNew York : _bMcGraw Hill Book Company , _c1958. |
||
| 300 | _a310 ; . | ||
| 942 | _cBK | ||
| 999 |
_c9254 _d9254 |
||